Statistics for Countries Bordering Kenya

Click here to take the quiz!

General Stats

  • This quiz has been taken 28,704 times
  • The average score is 5 of 5

Answers on the Map

Answers color-coded by a green-red scale on the quiz's map according to % correct below.
Loading ...
 

Answer Stats

Country% Correct
Ethiopia
97%
Tanzania
95%
Uganda
94%
Somalia
93%
South Sudan
93%

Score Distribution

Percentile by Number Answered

Percent of People with Each Score

Your Score History

You have not taken this quiz